LEADER 01163nam--2200361---450- 001 990005921190203316 005 20160524125946.0 010 $a978-88-204-1886-1 035 $a000592119 035 $aUSA01000592119 035 $a(ALEPH)000592119USA01 035 $a000592119 100 $a20140115d2013----km-y0itay50------ba 101 $aita 102 $aIT 105 $a||||||||001yy 200 1 $aFlussi migratori, comunità e coesione sociale$enuove sfide per la mediazione$fGian Piero Turchi, Michele Romanelli 210 $aMilano$cFranco Angeli$d2013 225 2 $aPolitiche e servizi sociali 410 0$12001$aPolitiche e servizi sociali 606 0 $aImmigrazione$xItalia$xPolitica sociale$2BNCF 676 $a304.809 700 1$aTURCHI,$bGian Piero$0523683 701 1$aROMANELLI,$bMichele$0523684 801 0$aIT$bsalbc$gISBD 912 $a990005921190203316 951 $aII.5. 7715$b243124 L.M.$cII.5.$d00351172 959 $aBK 969 $aUMA 979 $aCHIARA$b90$c20140115$lUSA01$h1204 979 $aANNASEN$b90$c20160524$lUSA01$h1259 996 $aFlussi migratori, comunità e coesione sociale$9828980 997 $aUNISA LEADER 02378nas 2200721-a 450 001 996206300703316 005 20230215213018.0 011 $a1540-594X 035 $a(DE-599)ZDB2094174-2 035 $a(OCoLC)50079550 035 $a(CKB)111014994352000 035 $a(CONSER)--2002213654 035 $a(EXLCZ)99111014994352000 100 $a20020628b20002002 s-- a 101 0 $aeng 135 $aurcnu|||||||| 181 $ctxt$2rdacontent 182 $cc$2rdamedia 183 $acr$2rdacarrier 200 10$aJournal of American & comparative cultures 210 $aBowling Green, OH $cAmerican Culture Association$d[2000-2002] 215 $a1 online resource 300 $aRefereed/Peer-reviewed 300 $aTitle from issue table of contents (EbscoHost Website, viewed Oct. 30, 2003). 311 $a1537-4726 517 1 $aJACC 517 3 $aJournal of American and comparative cultures 531 $aJOURNAL OF AMERICAN AND COMPARATIVE CULTURES 531 0 $aJ. Am. comp. cult. 606 $aPopular culture$zUnited States$vPeriodicals 606 $aCivilization$2fast$3(OCoLC)fst00862898 606 $aPopular culture$2fast$3(OCoLC)fst01071344 606 $aAméricanité$2rasuqam 606 $aArt américain$2rasuqam 606 $aCivilisation$2rasuqam 606 $aCulture américaine$2rasuqam 606 $aCulture populaire$2rasuqam 606 $aHistoire$2rasuqam 606 $aLittérature américaine$2rasuqam 607 $aUnited States$xCivilization$vPeriodicals 607 $aUnited States$2fast 607 $aÉtats-Unis$2rasuqam 608 $aPeriodicals.$2fast 608 $aPeriodicals.$2lcgft 608 $aPériodique électronique (Descripteur de forme)$2rasuqam 608 $aRessource Internet (Descripteur de forme)$2rasuqam 610 $aUnited States - General 615 0$aPopular culture 615 7$aCivilization. 615 7$aPopular culture. 615 7$aAméricanité 615 7$aArt américain. 615 7$aCivilisation. 615 17$aCulture américaine. 615 7$aCulture populaire. 615 7$aHistoire. 615 7$aLittérature américaine. 676 $a973 712 02$aAmerican Culture Association, 906 $aJOURNAL 912 $a996206300703316 996 $aJournal of American & comparative cultures$92126128 997 $aUNISA